Pastoral evangelism. (Record no. 10998)

000 -LEADER
fixed length control field 00627nam a2200193 a 4500
001 - CONTROL NUMBER
control field :::00008791$&:&@@
003 - CONTROL NUMBER IDENTIFIER
control field OkBaRHE
005 - DATE AND TIME OF LATEST TRANSACTION
control field 20000607103346.0
008 - FIXED-LENGTH DATA ELEMENTS--GENERAL INFORMATION
fixed length control field s1962 j 000 0 eng u
040 ## - CATALOGING SOURCE
Transcribing agency
100 1# - MAIN ENTRY--PERSONAL NAME
Personal name Southard, Samuel.
245 10 - TITLE STATEMENT
Title Pastoral evangelism.
260 ## - PUBLICATION, DISTRIBUTION, ETC. (IMPRINT)
Place of publication, distribution, etc Nashville, TN., :
Name of publisher, distributor, etc Broadman Press
Date of publication, distribution, etc 1962
300 ## - PHYSICAL DESCRIPTION
Extent 198 p.
650 ## - SUBJECT ADDED ENTRY--TOPICAL TERM
Topical term or geographic name as entry element Evangelism
General subdivision Pastoral Theology
942 ## - ADDED ENTRY ELEMENTS (KOHA)
Source of classification or shelving scheme
Koha item type Books
Copies
Permanent Location Shelving location Damaged status Withdrawn status Copy number Koha item type Price effective from Date acquired Not for loan Lost status Date last seen Source of classification or shelving scheme Barcode Full call number
RHEMA Bible Training CollegeGeneral Stacks  1Books2010-04-142010-04-14  2010-04-14 8791BV 3795 .S6
RHEMA Bible Training CollegeGeneral Stacks  2Books2010-04-142010-04-14  2010-04-14 16489BV 3795 .S6